000 00940nam a2200241 i 4500
001 41007
003 ES-MaACL
005 20250815062636.0
007 t|
008 030307m19001902sp ||||1| spa d
100 0 _aCarlyle, Thomas,
_d1795-1881
_935316
245 1 3 _aLa Revolución francesa /
_cpor Thomas Carlyle ; traducción del inglés por Miguel de Unamuno.
260 _aMadrid :
_bLa España Moderna,
_c[1900-1902]
300 _a3 v. ;
_c22 cm.
490 1 _aBiblioteca de jurisprudencia, filosofía e historia
505 8 _aContiene: I. La Bastilla (395 p.) - II. La Constitución (408 p.) - III. La guillotina (420 p.)
651 4 _aFrancia-
_xHistoria-
_y1789-1799, Revolución
_9241176
700 1 _aUnamuno, Miguel de,
_d1864-1936
_9111982
830 1 0 _aBiblioteca de jurisprudencia, filosofía e historia
_9180691
852 _aES-MaACL
_jB-2259-61
852 _aES-MaACL
_jC-7297-98
_z(V. 2 y 3)
999 _c41007
_d41007